<?xml version="1.0" encoding="UTF-8"?>
<collection xmlns="http://www.loc.gov/MARC21/slim">
 <record>
  <leader>00396pamaa2200145   4500</leader>
  <controlfield tag="001">0000018777</controlfield>
  <controlfield tag="005">20071123090000.0</controlfield>
  <datafield tag="020" ind1="0" ind2="0">
   <subfield code="a">041502689X </subfield>
  </datafield>
  <datafield tag="090" ind1="0" ind2="0">
   <subfield code="a">PR2806 </subfield>
   <subfield code="b">SHA 1969</subfield>
  </datafield>
  <datafield tag="100" ind1="1" ind2="0">
   <subfield code="a">Shakespeare, </subfield>
   <subfield code="d">1564-1616 </subfield>
  </datafield>
  <datafield tag="245" ind1="1" ind2="0">
   <subfield code="a">Cymbeline  </subfield>
   <subfield code="c">edited by J. M. Nosworthy.</subfield>
  </datafield>
  <datafield tag="260" ind1="0" ind2="0">
   <subfield code="a">London: </subfield>
   <subfield code="b">Routledge, </subfield>
   <subfield code="c">1969.</subfield>
  </datafield>
  <datafield tag="300" ind1=" " ind2=" ">
   <subfield code="a">Ixxxiii, 216p.: </subfield>
   <subfield code="b">20cm.</subfield>
  </datafield>
  <datafield tag="440" ind1="0" ind2="0">
   <subfield code="a">The Arden Shakespeare</subfield>
  </datafield>
  <datafield tag="700" ind1="1" ind2="1">
   <subfield code="a">Nosworthy, </subfield>
   <subfield code="h">J.M. </subfield>
  </datafield>
 </record>
</collection>
